| 000 | 00478nam a2200169Ia 4500 | ||
|---|---|---|---|
| 005 | 20250508151907.0 | ||
| 008 | 008 250505s9999 xx 000 0 eng d | ||
| 037 | _aBooks to be hide in OPAC | ||
| 040 |
_aFEDL _beng _cFEDL |
||
| 041 |
_aeng _2eng |
||
| 084 |
_a312.954, CEN/O _qFEDL |
||
| 245 | 0 | _aCensus of India. 1951: Language handbook. Part 1, 2 and 4 | |
| 260 | _c1956 | ||
| 490 | _vPart 1 | ||
| 942 |
_cHB _h312.954, CEN/O |
||
| 999 |
_c1332767 _d1332767 |
||